Language Quiz

Random Language Quiz

Jamo Spelling January 2016 Quiz Stats

 Plays Quiz not verified by Sporcle

Also try: The Only Letter IV
Challenge
Share
Tweet
Embed
Score 0/20 Timer 10:00
0 Plays Today
question? correct spelling! % Correct
answearsanswers
100%
enoghenough
100%
piratpirate
100%
mutchmuch
100%
whearwear
83.3%
aplyapply
83.3%
pooringpouring
83.3%
unbetenunbeaten
83.3%
staydiumstadium
83.3%
elaphantelephant
83.3%
question? correct spelling! % Correct
finalyfinally
83.3%
tierdtired
83.3%
loseinglosing
83.3%
beginersbeginners
83.3%
extreamlyextremely
83.3%
beatifulbeautiful
83.3%
recipiesrecipes
66.7%
achiveachieve
66.7%
exiteexcite
66.7%
AlisarAlistair
16.7%

You're not logged in!

Compare scores with friends on all Sporcle quizzes.
OR
Log In

You Might Also Like...

Show Comments

Extras

Created Jan 26, 2016ReportNominate
Tags:2016, January, spelling

Top Quizzes Today


Score Distribution

Your Account Isn't Verified!

In order to create a playlist on Sporcle, you need to verify the email address you used during registration. Go to your Sporcle Settings to finish the process.

Report this User

Report this user for behavior that violates our Community Guidelines.

Details: